Central Library OPAC University of Rajshahi

The Oxford Ibsen / (Record no. 22227)

MARC details
000 -LEADER
fixed length control field 01439cam a2200301 4500
001 - CONTROL NUMBER
control field 22227
003 - CONTROL NUMBER IDENTIFIER
rucl marc code BD-RjUL
005 - DATE AND TIME OF LATEST TRANSACTION
control field 20211209000801.0
008 - FIXED-LENGTH DATA ELEMENTS--GENERAL INFORMATION
fixed length control field 140306s1961 enk 000 0 eng d
035 ## - SYSTEM CONTROL NUMBER
System control number (BD-RjUL)22292
040 ## - CATALOGING SOURCE
Original cataloging agency DLC
Transcribing agency DLC
Modifying agency DLC
-- BD-RjUL
Language of cataloging eng
041 1# - LANGUAGE CODE
Language code of text/sound track or separate title engund
082 00 - DEWEY DECIMAL CLASSIFICATION NUMBER
Classification number 839.8226
Author mark and year IBO V-5 1961
100 1# - MAIN ENTRY--PERSONAL NAME
Personal name Ibsen, Henrik,
Dates associated with a name 1828-1906.
9 (RLIN) 68615
245 14 - TITLE STATEMENT
Title The Oxford Ibsen /
Statement of responsibility, etc. Translated and edited by James Walter McFarlane.
Number of part/section of a work Volume V :
Name of part/section of a work Pillars of Scociety A Dolls House Ghots
260 ## - PUBLICATION, DISTRIBUTION, ETC. (IMPRINT)
Place of publication, distribution, etc. London ;
-- New York :
Name of publisher, distributor, etc. Oxford University Press,
Date of publication, distribution, etc. 1961
300 ## - PHYSICAL DESCRIPTION
Pagination vii,490p. ;
Size 23 cm.
500 ## - GENERAL NOTE
General note Spine title: Ibsen.
General note Vol. 6 has title: Ibsen.
General note Vol. 1, 1970; v. 2, 1962; v. 3, 1972; v. 4, 1963; v. 5, 1961; v. 6, 1960; v. 7, 1966; v. 8, 1977.
505 0# - FORMATTED CONTENTS NOTE
Formatted contents note v. 1. Early plays.--v. 2. The Vikings at Helgeland. Love's comedy. The pretenders.--v. 3. Brand. Peer Gynt.--v. 4. The league of youth. Emperor and Galilean.--v. 5. Pillars of society. A doll's house. Ghosts.--v. 6. An enemy of the people. The wild duck. Rosmersholm.--v. 7. The lady from the sea. Hedda Gabler. The master builder.--v. 8. Little Eyolf. John Gabriel Borkman. When we dead awaken.
600 10 - SUBJECT ADDED ENTRY--PERSONAL NAME
Personal name Ibsen, Henrik,
Dates associated with a name 1828-1906
General subdivision Translations into English.
700 1# - ADDED ENTRY--PERSONAL NAME
Personal name McFarlane, James Walter.
942 ## - ADDED ENTRY ELEMENTS (KOHA)
Source of classification or shelving scheme Dewey Decimal Classification
Koha item type Books
Holdings
Lost status Source of classification or shelving scheme Damaged status Not for loan Collection code Permanent Location Current Location Shelving location Date acquired Source of acquisition Cost, normal purchase price Total Checkouts Full call number Date last seen Copy number Koha item type
  Dewey Decimal Classification   Added to bundle Non-fiction Central Library, University of Rajshahi Central Library, University of Rajshahi Reading Room 28/02/1970 Zeit 45.00   839.8226 IBO V-5 1961 06/03/2014 C-1 Books
  Dewey Decimal Classification   Not For Loan Non-fiction Central Library, University of Rajshahi Central Library, University of Rajshahi Reading Room 28/08/1970 Zeitlinger     839.8226 IBO V-2 1962 29/07/2025 C-1 Books
  Dewey Decimal Classification     Non-fiction Central Library, University of Rajshahi Central Library, University of Rajshahi General Stacks 28/08/1970 Zeitlinger     839.8226 IBO V-2 1962 29/07/2025 C-2 Books
  Dewey Decimal Classification   Not For Loan Non-fiction Central Library, University of Rajshahi Central Library, University of Rajshahi Reading Room 28/08/1970 Zeitlinger     839.8226 IBO V-4 1963 29/07/2025 C-1 Books
  Dewey Decimal Classification   Not For Loan Non-fiction Central Library, University of Rajshahi Central Library, University of Rajshahi Reading Room 28/08/1970 Zeitlinger     839.8226 IBO V-7 1966 29/07/2025 C-1 Books